| 000 | 00403nam a22001457a 4500 | ||
|---|---|---|---|
| 003 | SGT | ||
| 020 | _a9781455775866 | ||
| 082 |
_a617.525 _bC13T |
||
| 100 | _aThomas P. Sollecito | ||
| 245 | _aClinical Approaches to Oral Mucosal Disorders: Part I | ||
| 260 |
_aPhiladelphia, United States _bElsevier - Health Sciences Division _c2013 |
||
| 300 | _a561-718 | ||
| 650 | _aORAL MEDICINE | ||
| 942 |
_2ddc _cBK |
||
| 999 |
_c18093 _d18093 |
||